Viackriteriálna optimalizácia a jej uplatnenie v poľnohospodárstve

Salvato in:
Dettagli Bibliografici
Autore principale: Pitel, Jozef
Natura: Libro
Lingua:slovacco
Pubblicazione: Bratislava Príroda 1982
Serie:Ekonomika poľnohospodárstva
Tags: Aggiungi Tag
Nessun Tag, puoi essere il primo ad aggiungerne!!

MARC

LEADER 00000nam a2200000 4500
001 c119041
005 20041019155213.1
041 0 |a slo 
044 |a SK 
245 1 0 |a Viackriteriálna optimalizácia a jej uplatnenie v poľnohospodárstve  |c Jozef Pitel 
264 1 |a Bratislava  |b Príroda  |c 1982 
300 |a 278 s. 
490 1 |a Ekonomika poľnohospodárstva 
830 0 |a Ekonomika poľnohospodárstva 
100 1 |a Pitel, Jozef